[Event "COL-ch Visually impaired"]
[Site "Cartagena"]
[Date "2019.12.07"]
[Round "4.5"]
[White "Franco Perez, William"]
[Black "Munoz, Mauricio"]
[Result "0-1"]
[WhiteElo "1686"]
[BlackElo "1624"]
[PlyCount "110"]
[EventDate "2019.12.06"]
[EventType "swiss (rapid)"]
[EventRounds "6"]
[EventCountry "COL"]
[SourceTitle "EXT 2024"]
[Source "ChessBase"]
[SourceDate "2023.10.10"]
[SourceVersion "1"]
[SourceVersionDate "2023.10.10"]
[SourceQuality "1"]

1. c4 c5 2. Nf3 Nc6 3. d4 cxd4 4. Nxd4 Qc7 5. Nc3 a6 6. e4 e6 7. Be2 g6 8. Be3 Bg7 9. 0-0 Nge7 10. Qd2 0-0 11. Nxc6 bxc6 12. Bh6 d5 13. Bxg7 Kxg7 14. cxd5 cxd5 15. exd5 exd5 16. Nxd5 Nxd5 17. Qxd5 Be6 18. Qd4+ Kg8 19. Rac1 Qe7 20. Bc4 Rfd8 21. Qe3 Rab8 22. Bxe6 Qxe6 23. Qxe6 fxe6 24. Rc6 Rxb2 25. Rxa6 Kf7 26. Rc1 Rdd2 27. Rf1 Rxa2 28. Rxa2 Rxa2 29. h4 e5 30. Re1 Kf6 31. f3 Kf5 32. Re4 h6 33. g4+ Kf6 34. f4 exf4 35. Rxf4+ Ke5 36. Rb4 Rd2 37. g5 h5 38. Kf1 Rd4 39. Rxd4 Kxd4 40. Kf2 Ke4 41. Ke2 Kf4 42. Kf2 Kg4 43. Kg2 Kxh4 44. Kh2 Kxg5 45. Kg3 h4+ 46. Kh3 Kh5 47. Kg2 g5 48. Kh3 g4+ 49. Kg2 h3+ 50. Kg3 Kg5 51. Kh2 Kh4 52. Kg1 Kg3 53. Kh1 Kf2 54. Kh2 g3+ 55. Kxh3 g2 0-1

[Event "COL pre olympic sf2"]
[Site "Palmira"]
[Date "2019.06.02"]
[Round "8"]
[White "Leal, Dayana Vanessa"]
[Black "Munoz, Mauricio"]
[Result "1-0"]
[WhiteElo "1529"]
[BlackElo "1692"]
[PlyCount "35"]
[EventDate "2019.05.29"]
[EventType "swiss"]
[EventRounds "10"]
[EventCountry "COL"]
[SourceTitle "CBM 190 Extra"]
[Source "ChessBase"]
[SourceDate "2019.07.15"]
[SourceVersion "1"]
[SourceVersionDate "2019.07.15"]
[SourceQuality "1"]

1. d4 d5 2. c4 c6 3. cxd5 cxd5 4. Bf4 Nc6 5. e3 Nf6 6. Nc3 e6 7. Bd3 Be7 8. Nf3 0-0 9. 0-0 a6 10. Rc1 Bd7 11. Na4 Nb4 12. Bb1 Bxa4 13. Qxa4 Nc6 14. Ne5 Nxe5 15. Bxe5 Rc8 16. f3 Bd6 17. Rxc8 Qxc8 18. Bxd6 1-0

[Event "COL pre olympic sf2"]
[Site "Palmira"]
[Date "2019.05.30"]
[Round "2"]
[White "Munoz, Mauricio"]
[Black "Hernandez Negron, Newton Johao"]
[Result "0-1"]
[WhiteElo "1692"]
[BlackElo "1600"]
[PlyCount "95"]
[EventDate "2019.05.29"]
[EventType "swiss"]
[EventRounds "10"]
[EventCountry "COL"]
[SourceTitle "CBM 190 Extra"]
[Source "ChessBase"]
[SourceDate "2019.07.15"]
[SourceVersion "1"]
[SourceVersionDate "2019.07.15"]
[SourceQuality "1"]

1. e4 e5 2. Nf3 Nc6 3. Bb5 a6 4. Ba4 Nf6 5. d3 Bc5 6. c3 d6 7. 0-0 0-0 8. Nbd2 b5 9. Bc2 Bb7 10. h3 d5 11. Re1 Qd6 12. exd5 Qxd5 13. c4 bxc4 14. dxc4 Qd6 15. b3 Rfe8 16. Bb2 Rad8 17. Ne4 Nxe4 18. Bxe4 Qxd1 19. Raxd1 Rxd1 20. Rxd1 g6 21. a3 f6 22. b4 Ba7 23. Bc3 Nd8 24. Bd5+ Bxd5 25. Rxd5 Ne6 26. Ra5 Nf4 27. Bd2 Nd3 28. c5 Re6 29. Kf1 f5 30. Ne1 Nb2 31. Bg5 Kg7 32. Bc1 Nc4 33. Ra4 e4 34. b5 Ne5 35. Bb2 Kf7 36. c6 Nd3 37. Nxd3 exd3 38. Bc3 Re2 39. Be1 Rb2 40. Rxa6 Bb6 41. Ra8 d2 42. Bxd2 Rxd2 43. a4 Rxf2+ 44. Ke1 Ra2 45. Ra6 Ke7 46. Kd1 Kd6 47. Ra8 Kc5 48. Rh8 0-1

[Event "COL-chT Interligas"]
[Site "Palmira"]
[Date "2019.04.28"]
[Round "4.1"]
[White "Vargas, Edwin Antonio"]
[Black "Munoz, Mauricio"]
[Result "1-0"]
[WhiteElo "1990"]
[BlackElo "1692"]
[PlyCount "55"]
[EventDate "2019.04.27"]
[EventType "team-swiss"]
[EventRounds "6"]
[EventCountry "COL"]
[SourceTitle "CBM 190 Extra"]
[Source "ChessBase"]
[SourceDate "2019.07.15"]
[SourceVersion "1"]
[SourceVersionDate "2019.07.15"]
[SourceQuality "1"]
[WhiteTeam "Fuerzas Armadas"]
[BlackTeam "Valle Visuales"]
[WhiteTeamCountry "COL"]
[BlackTeamCountry "COL"]

1. d4 d5 2. Bf4 Nf6 3. Nf3 c5 4. e3 Qb6 5. b3 Bg4 6. Be2 e6 7. 0-0 Be7 8. Nbd2 0-0 9. h3 Bh5 10. dxc5 Bxc5 11. Be5 Nbd7 12. Bb2 Rac8 13. c4 Rfd8 14. Nd4 Bxe2 15. Qxe2 a5 16. g4 Qd6 17. f4 Bxd4 18. Bxd4 e5 19. Bb2 exf4 20. exf4 Re8 21. Qg2 Ne4 22. Rad1 Qc5+ 23. Kh1 Rcd8 24. cxd5 Qxd5 25. Nxe4 Qxe4 26. Qxe4 Rxe4 27. Rf2 Ree8 28. Rfd2 1-0

[Event "COL-ch visual limited"]
[Site "Barranquilla"]
[Date "2017.11.11"]
[Round "3.1"]
[White "Munoz, Mauricio"]
[Black "Acosta Cruz, Luis Ivan"]
[Result "0-1"]
[WhiteElo "1740"]
[BlackElo "1753"]
[PlyCount "110"]
[EventDate "2017.11.09"]
[EventType "swiss"]
[EventRounds "5"]
[EventCountry "COL"]
[SourceTitle "EXT 2024"]
[Source "ChessBase"]
[SourceDate "2023.10.10"]
[SourceVersion "1"]
[SourceVersionDate "2023.10.10"]
[SourceQuality "1"]

1. e4 e5 2. Nc3 Bc5 3. Bc4 d6 4. Nf3 Nf6 5. d3 c6 6. Be3 Bb6 7. h3 Nbd7 8. d4 Qe7 9. dxe5 Nxe5 10. Bxb6 Nxc4 11. Bd4 Nxe4 12. 0-0 0-0 13. Nxe4 Qxe4 14. Re1 Qg6 15. Kh2 Be6 16. b3 Nb6 17. Bxb6 axb6 18. Nd4 Bd5 19. f3 b5 20. c3 Qf6 21. Qd2 Rae8 22. Re2 Rxe2 23. Qxe2 Qe5+ 24. Kg1 f6 25. Re1 Re8 26. Kf2 Bf7 27. Qd2 Qxe1+ 28. Qxe1 Rxe1 29. Kxe1 g6 30. Kf2 Kf8 31. f4 Ke7 32. Ke3 Kd7 33. a3 c5 34. Nxb5 Bxb3 35. g4 b6 36. h4 Bc4 37. a4 Bb3 38. g5 f5 39. Na3 Bxa4 40. Nb1 Bc2 41. Nd2 b5 42. Nf3 Kc6 43. Kd2 Be4 44. Ng1 Kd5 45. Ne2 Kc4 46. Ng3 d5 47. h5 b4 48. cxb4 cxb4 49. hxg6 hxg6 50. Nf1 b3 51. Ne3+ Kd4 52. Nd1 Bc2 53. Ne3 Ke4 54. Ng2 Kf3 55. Ne3 Be4 0-1

[Event "Gobernacion op"]
[Site "Gobernacion"]
[Date "2015.11.29"]
[Round "4"]
[White "Daza, Fernando"]
[Black "Munoz, Mauricio"]
[Result "1-0"]
[WhiteElo "1860"]
[BlackElo "1748"]
[PlyCount "160"]
[EventDate "2015.11.28"]
[EventType "swiss"]
[EventRounds "7"]
[EventCountry "COL"]
[SourceTitle "EXT 2017"]
[Source "ChessBase"]
[SourceDate "2016.10.25"]
[SourceVersion "1"]
[SourceVersionDate "2016.10.25"]
[SourceQuality "1"]

1. d4 d5 2. Nf3 g6 3. e3 Bg7 4. Ne5 Nf6 5. Bd3 Nbd7 6. f4 c5 7. 0-0 0-0 8. c3 Qb6 9. Nxd7 Bxd7 10. Qe2 Rac8 11. Nd2 cxd4 12. exd4 Qc7 13. Qxe7 Rfe8 14. Qa3 a6 15. Nf3 Ne4 16. Qb3 Be6 17. Be3 Bh6 18. g3 Re7 19. Ne5 Rce8 20. Rfe1 Bg7 21. Bf2 f5 22. Re2 Kh8 23. Be3 Kg8 24. Rae1 Bf6 25. Kg2 Qb8 26. Rh1 Qc7 27. Ree1 Bh8 28. h4 Bxe5 29. fxe5 h5 30. Bf4 Qc6 31. Rc1 Rc8 32. Rc2 Rec7 33. Rhc1 Qd7 34. Re2 Rc6 35. Qd1 Rf8 36. Qf1 Qe7 37. Be3 Qd7 38. Qf3 Rc7 39. Qf4 Qf7 40. Qf1 Qd7 41. Qd1 Rfc8 42. Rec2 Qa4 43. a3 Kh7 44. Qf1 Qd7 45. Qf4 Qg7 46. Qf1 Rc6 47. Qd1 Qe7 48. Bxe4 fxe4 49. Rf2 Bf5 50. Bg5 Qe6 51. Qd2 R6c7 52. Bf6 Rc6 53. Qg5 R6c7 54. Kh2 Rf7 55. Rf4 Rcf8 56. Rcf1 Bg4 57. Rxg4 Qxg4 58. Qxg4 hxg4 59. Rf4 Kh6 60. Rxg4 Kh5 61. Rf4 Rd7 62. Kh3 Rc7 63. g4+ Kh6 64. Kg3 Kh7 65. g5 Rc6 66. Rf2 b5 67. Kf4 Rf7 68. Rh2 Kg8 69. h5 Rh7 70. h6 a5 71. Ke3 Rb7 72. Bg7 Rxg7 73. hxg7 Kxg7 74. Rf2 Re6 75. Rf6 Rxf6 76. exf6+ Kf7 77. b3 Ke6 78. c4 bxc4 79. bxc4 dxc4 80. Kxe4 c3 1-0

[Event "Bogota University op 9th"]
[Site "Bogota"]
[Date "2015.10.08"]
[Round "1"]
[White "Torres, Juan Camilo"]
[Black "Munoz, Mauricio"]
[Result "1-0"]
[WhiteElo "2294"]
[BlackElo "1794"]
[PlyCount "55"]
[EventDate "2015.10.08"]
[EventType "swiss"]
[EventRounds "9"]
[EventCountry "COL"]
[SourceTitle "CBM 168 Extra"]
[Source "ChessBase"]
[SourceDate "2015.10.29"]
[SourceVersion "1"]
[SourceVersionDate "2015.10.29"]
[SourceQuality "1"]

1. d4 d5 2. c4 e6 3. Nc3 Nf6 4. cxd5 exd5 5. Bg5 Be7 6. e3 c6 7. Bd3 Nbd7 8. Qc2 a6 9. Nge2 h6 10. Bh4 0-0 11. 0-0 c5 12. dxc5 Nxc5 13. Rfd1 b5 14. Bxf6 Bxf6 15. Bh7+ Kh8 16. Nxd5 Be6 17. Qxc5 Rc8 18. Qa7 Bxd5 19. Be4 Bxe4 20. Rxd8 Rcxd8 21. Nd4 Ra8 22. Qc7 Kg8 23. Rc1 Rfc8 24. Qxc8+ Rxc8 25. Rxc8+ Kh7 26. Rc7 Kg8 27. Ra7 Bd5 28. Rxa6 1-0

[Event "COL-ch visually impaired 2nd"]
[Site "Cali"]
[Date "2008.10.28"]
[Round "7.5"]
[White "Munoz, Mauricio"]
[Black "Oyola, Fernando"]
[Result "1/2-1/2"]
[WhiteElo "1600"]
[BlackElo "1600"]
[PlyCount "91"]
[EventDate "2008.10.25"]
[EventType "swiss"]
[EventRounds "7"]
[EventCountry "COL"]
[SourceTitle "EXT 2024"]
[Source "ChessBase"]
[SourceDate "2023.10.10"]
[SourceVersion "1"]
[SourceVersionDate "2023.10.10"]
[SourceQuality "1"]

1. d4 Nf6 2. Bg5 d5 3. Bxf6 exf6 4. g3 Be7 5. Bg2 f5 6. e3 c6 7. Ne2 Nd7 8. c3 Nf6 9. Nd2 0-0 10. 0-0 Re8 11. Re1 Be6 12. Qb3 b5 13. a4 Rb8 14. axb5 Rxb5 15. Qc2 Qd6 16. Ra2 Ra5 17. b4 Rxa2 18. Qxa2 Bd7 19. Qxa7 Qxb4 20. Qxd7 Qxc3 21. Qxe8+ Nxe8 22. Nxc3 Bh4 23. Bxd5 Bxg3 24. Bxc6 Bxh2+ 25. Kxh2 Nc7 26. Be8 Nxe8 27. Nd5 Nc7 28. Nc4 Nxd5 29. e4 fxe4 30. Rxe4 g6 31. Re7 Nxe7 32. Ne5 Nc6 33. Nxc6 f5 34. d5 Kf8 35. d6 Ke8 36. d7+ Kxd7 37. f3 Kxc6 38. Kg3 f4+ 39. Kxf4 h6 40. Ke5 g5 41. Kf5 Kc5 42. Kf6 Kd4 43. Kg6 Ke3 44. Kxh6 Kxf3 45. Kxg5 Ke4 46. Kg6 1/2-1/2